| 000 | 00901nas a2200313 4500 | ||
|---|---|---|---|
| 001 | BR9301291 | ||
| 003 | BR-BrBNA | ||
| 005 | 20231205093613.0 | ||
| 007 | ta | ||
| 008 | 230509b bl.|||p| |||| 00| 00por d | ||
| 040 |
_aBR-BrBNA _bpor _cBiblioteca Nacional de Agricultura |
||
| 041 | _a(Pt) | ||
| 072 | _aF01 | ||
| 100 | 1 | _aReis, R.A. | |
| 100 | 1 | _aRodrigues, L.R. de A. | |
| 100 | 1 | _aCoan, O. | |
| 100 | 1 | _aVillaca, M. | |
| 245 | 1 | _aProducao e qualidade da forragem de aveia (Avena spp) | |
| 650 | _aForragem | ||
| 650 | _aAveia | ||
| 650 | _aComposicao Quimica | ||
| 650 | _aColheita | ||
| 650 | _aIrrigacao | ||
| 650 | _aMateria Seca | ||
| 650 | _aDigestibilidade in Vitro | ||
| 773 | 0 |
_tRevista da Sociedade Brasileira de Zootecnia (Brazil) _xISSN 0100-4859 _g(Jan-Feb 1993), v. 22(1) p. 99-109 _wBR9301291 |
|
| 909 |
_a202311 _bLúcia _c55 _dLúcia Elande |
||
| 942 |
_2AGRIS _n0 _cANA |
||
| 999 |
_c139415 _d139415 |
||